000 01036nam a2200277Ia 4500
003 OSt
005 20221005105413.0
006 a|||||r|||| 00| 0
007 ta
008 221004b |||||||| |||| 00| 0 hin d
020 _a8121405351 (hbk)
_cIndian Rupees 150.00
024 _a27887
037 _bGift, 04/10/2016,
_cTextual
040 _aCRL
_cCRL
_bhin
041 _2hin
_ahin
082 _aO152,3N295:g, N4
100 _aनीरन, अरूणेश, संपा.
245 0 _aशिवप्रसाद सिंह
246 _aShivaprasād sianha
260 _aनई दिल्ली
_bनेशनल पब्लिशिंग हाउस भारत
_c1994
300 _a217पृ0
_ccm.
490 _aश्री शारदा सम्मान ग्रंथमाला; 1
650 _aहिन्दी साहित्य
942 _hO152,3N295:g, N4
_cTEXL
_2cc
999 _c1015720
_d1015720